000 00757nam a22002657a 4500
001 26796
003 UA-OsUOA
005 20201220221802.0
007 ta
008 20040609b un ||||| |||| 00| 0 ukr d
020 _a966-00-0666-7
040 _aUA-OsUOA
_brus
_cUA-OsUOA
_dUA-OsUOA
041 _arus
044 _aUA
080 _a81'374.2-161.1
090 _a81'374.2-161.1
_bГ61
100 _aГоловащук С. І.
245 _aРосійсько-український словник сталих словосполучень
260 _aКиїв
_bНаук. думка
_c2001
300 _a640 с.
650 7 _2UDC
942 _cBK
_2udc
955 _a0
999 _c313125
_d313125